|
|
|
|
| LEADER |
00000nam a22000007a 4500 |
| 005 |
20220817010738.0 |
| 007 |
cr|||| |||| |
| 008 |
220817s2019 br |||||s|||| 00||0 por d |
| 020 |
|
|
|a 978-85-93741-34-0
|
| 035 |
|
|
|a 36837
|
| 040 |
|
|
|a vLex
|
| 090 |
|
|
|c 13715
|d 13715
|
| 100 |
1 |
|
|a de Moraes Mello, Cleyson
|
| 245 |
1 |
2 |
|a Os Direitos da Personalidade ̉Luz dos Novos Paradigmas Jurd̕ico-Metodolg̤icos
|h [Recurso electrn̤ico] /
|c Cleyson de Moraes Mello, Fabrc̕io Ren ̊Cardoso de Pd̀ua, Nuno Manuel Morgadinho dos Santos Coelho
|
| 256 |
|
|
|a Servicio en ln̕ea
|
| 260 |
|
|
|a Rio de Janeiro:
|b Editora Processo,
|c 2019
|
| 300 |
|
|
|a 1 recurso electrn̤ico
|
| 506 |
1 |
|
|a Disponible solo en los productos indicados
|d vLex Global
|d vLex Global (Academic Edition, excluding Law Schools)
|d vLex Global (U.S. Academic Edition, Law Schools)
|d vLex Global (U.S. Academic Edition, excluding Law Schools)
|d vLex Global (Academic Edition, Law Schools)
|
| 650 |
0 |
4 |
|a Derecho Civil
|z Brasil
|
| 650 |
0 |
4 |
|a Persona
|z Brasil
|
| 700 |
1 |
|
|a Cardoso de Pd̀ua, Fabrc̕io Ren̊
|
| 700 |
1 |
|
|a Morgadinho dos Santos Coelho, Nuno Manuel
|
| 740 |
0 |
|
|a vLex Libros (Servicio en ln̕ea)
|
| 856 |
4 |
0 |
|u https://app.vlex.com/#/sources/36837
|z Acceso restringido
|
| 942 |
|
|
|c BOOK
|
| 999 |
0 |
|
|a Civil Law
|
| 999 |
0 |
|
|a Person
|